| 000 | 00662nam a2200217Ia 4500 | ||
|---|---|---|---|
| 003 | BUBTL | ||
| 008 | 151213s9999 xx 000 0 und d | ||
| 020 | _a8185502838 | ||
| 082 | _a658.4012/ H5501s/ 2002 | ||
| 100 | _aHill, Charles W.L. | ||
| 245 |
_aStrategic management: an Integrated Approach Text & Cases/ _cCharles W.L.Hill & Gareth R.Jones . |
||
| 250 | _a4th | ||
| 260 |
_aBoston _bHoughto Mifflin _cc2002 |
||
| 300 |
_a[xxxi], 471p . : _bill. 28cm . |
||
| 500 | _aIncludes Index . | ||
| 650 | _aManagement | ||
| 700 | _aCharles W.L.Hill & Gareth R.Jones . | ||
| 856 |
_k0 _l0 _yDownload |
||
| 942 |
_2ddc _cBK |
||
| 999 |
_c1196 _d1196 |
||